| 000 | 00357nam a22001457a 4500 | ||
|---|---|---|---|
| 003 | SGT | ||
| 020 | _a9788123913629 | ||
| 082 | _a624.15,MUR | ||
| 100 | _aMURTHY,V.N.S | ||
| 245 | _aTEXTBOOK OF SOIL MECHANICS AND FOUNDATION ENGINEERING | ||
| 260 |
_aNEW DELHI _bCBS PUBLISHERS _c2018 |
||
| 300 | _a1043 | ||
| 650 | _aCIVIL ENGINEERING | ||
| 942 |
_2ddc _cBK |
||
| 999 |
_c22968 _d22968 |
||